| 000 | 00507nam a2200181 a 4500 | ||
|---|---|---|---|
| 001 | 000034124 | ||
| 005 | 20200930070808.0 | ||
| 008 | 110926s1977 es 000 0 spa d | ||
| 020 | _a0915534401 | ||
| 040 |
_aDO-SdBNP _bspa _cBNPHU |
||
| 100 | 1 |
_aGuerrero, Manuel de Jesús _959550 |
|
| 245 | 1 | 3 |
_aEl machismo latinoamericano / _cGuerrero, Manuel de Jesús. |
| 260 |
_aEspaña : _bPlus Ultra, _c1977. |
||
| 300 |
_a143 p. ; _c22 cm. |
||
| 490 | 1 | _aArco Iris | |
| 830 | 1 | 0 |
_aArco Iris _959551 |
| 049 | _aBNPD | ||
| 999 |
_c33615 _d33615 |
||